[Event "POL-chT 47th"]
[Site "Mikolajki"]
[Date "1991.09.??"]
[Round "2"]
[White "Gawronski, Miroslaw"]
[Black "Gdanski, Przemyslaw"]
[Result "1-0"]
[WhiteElo "2245"]
[BlackElo "2310"]
[PlyCount "53"]
[EventDate "1991.09.20"]
[EventType "team-swiss"]
[EventRounds "9"]
[EventCountry "POL"]
[SourceTitle "EXT 2019"]
[Source "ChessBase"]
[SourceDate "2018.10.10"]
[SourceVersion "1"]
[SourceVersionDate "2018.10.10"]
[SourceQuality "1"]
[WhiteTeam "Plock PTSz"]
[BlackTeam "Slupsk Piast"]
[WhiteTeamCountry "POL"]
[BlackTeamCountry "POL"]

1. d4 Nf6 2. c4 c5 3. d5 g6 4. Nc3 d6 5. Nf3 Bg7 6. e4 0-0 7. h3 e5 8. Bg5 h6 9. Be3 Na6 10. Qd2 h5 11. Be2 Nh7 12. g4 h4 13. 0-0-0 f5 14. gxf5 gxf5 15. exf5 Bxf5 16. Rdg1 Qf6 17. Ng5 Kh8 18. Nce4 Qe7 19. Bg4 Bxe4 20. Nxe4 Nc7 21. Rh2 Ne8 22. Rhg2 Nef6 23. Nxf6 Bxf6 24. Be6 e4 25. Qe2 Rfb8 26. Qg4 Qe8 27. Bh6 1-0

[Event "POL-chT 47th"]
[Site "Mikolajki"]
[Date "1991.09.??"]
[Round "3"]
[White "Gdanski, Przemyslaw"]
[Black "Lados, Piotr"]
[Result "1-0"]
[WhiteElo "2310"]
[BlackElo "2250"]
[PlyCount "101"]
[EventDate "1991.09.20"]
[EventType "team-swiss"]
[EventRounds "9"]
[EventCountry "POL"]
[SourceTitle "EXT 2019"]
[Source "ChessBase"]
[SourceDate "2018.10.10"]
[SourceVersion "1"]
[SourceVersionDate "2018.10.10"]
[SourceQuality "1"]
[WhiteTeam "Slupsk Piast"]
[BlackTeam "Krakow KKSz-Hutnik"]
[WhiteTeamCountry "POL"]
[BlackTeamCountry "POL"]

1. Nf3 d5 2. g3 g6 3. Bg2 Bg7 4. d4 Nf6 5. 0-0 c5 6. c3 0-0 7. dxc5 a5 8. Bf4 Na6 9. Na3 Nxc5 10. Nb5 Ne6 11. Be5 Qb6 12. a4 Bd7 13. Nfd4 Rac8 14. Nxe6 fxe6 15. Bd4 Qa6 16. Qb3 Rc4 17. e4 Rxa4 18. Qxa4 Bxb5 19. Qa3 Bxf1 20. Bxf1 Qc6 21. e5 Nd7 22. Re1 b6 23. Qxe7 Rf7 24. Qa3 Bf8 25. Qb3 Bc5 26. Qb5 Qxb5 27. Bxb5 Nb8 28. Bxc5 bxc5 29. Ra1 Rb7 30. Rxa5 c4 31. f4 Kf8 32. Kf2 Ke7 33. Ke3 Kd8 34. Kd4 Kc7 35. Kc5 Nd7+ 36. Bxd7 Kxd7 37. Rb5 Ra7 38. h4 Kc7 39. b3 Ra3 40. bxc4 Rxc3 41. Rb4 dxc4 42. Rxc4 Rxg3 43. Ra4 h5 44. Ra7+ Kc8 45. Kc6 Rc3+ 46. Kd6 Rh3 47. Kxe6 Rxh4 48. f5 gxf5 49. Kf7 Kb8 50. Rd7 f4 51. e6 1-0

[Event "Leningrad2"]
[Site "Leningrad"]
[Date "1989.??.??"]
[Round "?"]
[White "Khalifman, Alexander"]
[Black "Gdanski, Przemyslaw"]
[Result "1-0"]
[WhiteElo "2545"]
[BlackElo "2350"]
[PlyCount "59"]
[EventDate "1989.09.??"]
[EventType "tourn"]
[EventRounds "11"]
[EventCountry "URS"]
[EventCategory "9"]
[SourceTitle "CBM 015"]
[Source "ChessBase"]
[SourceDate "1990.04.01"]
[SourceVersion "1"]
[SourceVersionDate "1990.04.01"]
[SourceQuality "1"]

1. e4 c5 2. Nf3 e6 3. d4 cxd4 4. Nxd4 Nc6 5. Nc3 a6 6. Bf4 d6 7. Bg3 Bd7 8. Qd2 Nf6 9. 0-0-0 Rc8 10. Nxc6 Bxc6 11. f3 d5 12. e5 Nd7 13. Ne2 Be7 14. Nd4 0-0 15. Kb1 Nc5 16. h4 Qb6 17. h5 Rfe8 18. Bh4 Bf8 19. Rh3 Kh8 20. Rg3 Qc7 21. Re1 Bd7 22. Qf4 f5 23. h6 Bc6 24. hxg7+ Bxg7 25. Rxg7 Kxg7 26. Bf6+ Kg8 27. g4 fxg4 28. Qg5+ Kf8 29. Qh6+ Kg8 30. Be2 1-0

[Event "Leningrad2"]
[Site "Leningrad"]
[Date "1989.??.??"]
[Round "?"]
[White "Kupreichik, Viktor D"]
[Black "Gdanski, Przemyslaw"]
[Result "1-0"]
[WhiteElo "2520"]
[BlackElo "2350"]
[PlyCount "45"]
[EventDate "1989.09.??"]
[EventType "tourn"]
[EventRounds "11"]
[EventCountry "URS"]
[EventCategory "9"]
[SourceTitle "CBM 015"]
[Source "ChessBase"]
[SourceDate "1990.04.01"]
[SourceVersion "1"]
[SourceVersionDate "1990.04.01"]
[SourceQuality "1"]

1. e4 c5 2. Nf3 e6 3. Nc3 a6 4. g3 b5 5. Bg2 Bb7 6. d4 cxd4 7. Nxd4 b4 8. Na4 Nf6 9. 0-0 Nxe4 10. Re1 d5 11. Nxe6 fxe6 12. Qh5+ g6 13. Qe5 Qd7 14. Qxh8 Qxa4 15. f3 Nc5 16. Bh3 Nbd7 17. Bg5 Qc6 18. Qxh7 e5 19. Re2 e4 20. fxe4 dxe4 21. Rf1 Ne5 22. Qh8 Nf7 23. Rxf7 1-0

[Event "Warsaw Cup"]
[Site "Warsaw"]
[Date "1987.??.??"]
[Round "6"]
[White "Kamys, Stanislaw"]
[Black "Gdanski, Przemyslaw"]
[Result "1/2-1/2"]
[WhiteElo "2205"]
[BlackElo "2300"]
[PlyCount "121"]
[EventDate "1987.04.??"]
[EventType "swiss"]
[EventRounds "11"]
[EventCountry "POL"]
[SourceTitle "EXT 2001"]
[Source "ChessBase"]
[SourceDate "2000.11.22"]
[SourceVersion "1"]
[SourceVersionDate "2000.11.22"]
[SourceQuality "1"]

1. e4 c5 2. b4 cxb4 3. d4 d5 4. exd5 Qxd5 5. Bb2 e6 6. Nf3 Nf6 7. Bd3 Be7 8. 0-0 0-0 9. Ne5 Nc6 10. c4 bxc3 11. Nxc3 Qd8 12. Nxc6 bxc6 13. Rc1 Rb8 14. Ba1 Qa5 15. Ne4 Ba6 16. Rxc6 Bxd3 17. Qxd3 Nxe4 18. Qxe4 Qxa2 19. g3 Bf6 20. Bc3 Qb3 21. Ra1 Rb7 22. h4 h6 23. Rc1 Rd7 24. Rb1 Qa4 25. Ra1 Qb3 26. Rb1 Qd5 27. Qxd5 Rxd5 28. Rb7 a5 29. Ra7 Rb8 30. Kg2 Bd8 31. Rc5 Rd6 32. Bxa5 Bxa5 33. Rcxa5 Rxd4 34. Re7 g6 35. Raa7 Rf8 36. Rac7 h5 37. Rb7 Rd5 38. Rec7 Rf5 39. Ra7 Rd8 40. Rd7 Rxd7 41. Rxd7 Kg7 42. Ra7 Kf6 43. Ra4 Rb5 44. Rf4+ Ke7 45. Rf3 e5 46. Ra3 Ke6 47. Kf3 Kf5 48. Ra4 Rb3+ 49. Kg2 Rb6 50. Kf3 Ke6 51. Ra8 f5 52. Re8+ Kf6 53. Rf8+ Ke7 54. Ra8 Rb3+ 55. Kg2 f4 56. gxf4 exf4 57. Ra4 f3+ 58. Kg3 Ke6 59. Ra6+ Kf5 60. Ra5+ Kf6 61. Ra6+ 1/2-1/2